| 000 | 00780nam a2200265Ia 4500 | ||
|---|---|---|---|
| 008 | 160404s9999 xx 000 0 und d | ||
| 020 | _a978-971-936-64-0-9 | ||
| 050 | _aFIL RM 723.H5 | ||
| 050 | _b.M37 2006 | ||
| 100 | _aMaraña, Ma. Rebecca V. | ||
| 245 | _aHilot : | ||
| 245 | _bthe Filipino traditional massage / | ||
| 245 | _cMa. Rebecca V. Maraña, Jaime Z. Galvez Tan. | ||
| 260 | _aPasig City: | ||
| 260 | _bCreative Concoctions, Inc., | ||
| 260 | _c2006 | ||
| 300 | _a99 pages : | ||
| 300 | _bcolored illustrations. ; | ||
| 300 | _c28 cm. | ||
| 500 | _aIncludes bibliographical references. | ||
| 650 | _aMassage therapy -- Philippines. | ||
| 650 | _aTraditional medicine -- Philippines. | ||
| 650 | _xHilot. | ||
| 650 | _xMassage -- Philippines. | ||
| 999 |
_c293107 _d293107 |
||